LEADER 01074nam a2200241 i 4500 001 000000207071 003 CaOOAMICUS 005 20111020000000.0 008 111020s1976 it u000 u ita u 013 $a185846 040 $aSeMil$bita 100 1 $aCattaneo, Enrico .$0(OLS)http://semarc/name/93836 245 10$aImmagini di Castiglione Olona /$ctesti di Enrico Cattaneo e Gian Alberto Dell'Acqua. 260 $aMilano :$bCassa di Risparmio delle Province Lombarde,$c1976. 300 $a117 p. :$bin gran parte ill. ;$c37 cm. 500 $aIn occhiello : Dedica. 650 4$aCastiglione Olona - Arte.$0(OLS)http://semarc/subject/3733 700 1 $aDell'Acqua, Gian Alberto,$d<1909-2004>.$0(OLS)http://semarc/name/5248 850 $aSeMil 852 $aSeMil$W1$xVenegono$y1$m3P VI 407$j157534$B157534$CSeMilBibl$Z2$F171670 $81 961 $aRecupero: Altro 996 $6245$aImmagini di Castiglione Olona$9(OLS)http://semarc/title/299462 996 $6260$aMilano :$bCassa di Risparmio delle Province Lombarde$9(OLS)http://semarc/publisher/32599 LEADER 00910nas a2200241 i 4500 001 000000135335 003 CaOOAMICUS 005 20050301000000.0 008 050301b1994 xxuuu u0 0eng r 013 $a108667 040 $aSeMil$bita 245 10$a1994. 260 $aCambridge (Massachusetts) :$bWeston School of Theology,$ccopyr. 1994. 300 $avi, 537 p. ;$c23 cm. 773 0 $tNew Testament Abstracts.$dCambridge (Massachusetts) : Weston Jesuit School of Theology $x0028-6877$w()2514 774 0 $t1994 : 1.$w()260224 774 0 $t1994 : 2.$w()260226 774 0 $t1994 : 3.$w()260227 850 $aSeMil 852 $aSeMil$W1$xVenegono$y1$m74 5 34$j89016$B89016$CSeMilBibl$Z2$F93623 $85 961 $aCambio: Scuola Cattolica 996 $6245$a1994$9(OLS)http://semarc/title/160853 996 $6260$aCambridge (Massachusetts) :$bWeston School of Theology$9(OLS)http://semarc/publisher/46884